00509nam a2200157Ia 4500008004000000041000800040082001700048100002300065245002400088260004600112300001200158690002300170906001100193999001700204952013000221210210b1995 xxu||||| |||| 00| 0 eng d aeng a491.463 SALK aSALDAN (Anton Aa). aKonkani shabd kosh. aMangaluru.bAdarsh Printing Press.,c1995 avii,110 aKonkani Dictionary a049838 c98679d98679 001040708KonkaniaALbALcKonkani Languaged2021-02-17g0.00l0o491.463 SALKp049838r2021-02-17 00:00:00w2021-02-17yBK